|
|
|
|
| LEADER |
00000nab a2200000ua 4500 |
| 001 |
vtls010803913 |
| 003 |
SK-MaSNL |
| 005 |
20260303152803.0 |
| 008 |
230222s1966 xo |||||||||||||||||slo| |
| 035 |
|
|
|a (urnnbn)urn:nbn:sk:snk:ar-a02civ
|
| 035 |
|
|
|a (uuid)3d0d46cc-58d0-49b7-b7ca-a4d57a484763
|
| 035 |
|
|
|a urn:nbn:sk:snk-ab4k8q
|
| 040 |
|
|
|a SNKBUCL
|b slo
|c SNKBUCL
|e AACR2
|
| 041 |
0 |
|
|a slo
|
| 044 |
|
|
|a xo
|c SK
|
| 100 |
1 |
|
|a Habovštiak, A.
|4 aut
|9 1118185
|
| 245 |
1 |
0 |
|a T. GOLEBIOWSKA, TERENOWE NAZWY ORAWSKIE
|c A. Habovštiak
|
| 773 |
0 |
|
|t Slavica Slovaca : časopis pre slovanskú filológiu : orgán Slovenského výboru slavistov
|g Roč. 1, č. 1 (1966), s. 103-105
|
| 954 |
|
|
|a odborná, vedecká literatúra pôvodná (slovenská)
|2 lita
|
| 958 |
|
|
|a OND
|
| 958 |
|
|
|a EUIPO
|
| 958 |
|
|
|a article3
|
| 999 |
|
|
|c 2024911
|d 2026841
|